| 000 | 00788nam a2200289Ia 4500 | ||
|---|---|---|---|
| 005 | 20260324145930.0 | ||
| 008 | 008 260324s9999 xx 000 0 eng d | ||
| 020 | _a9780429319945 | ||
| 037 | _aEBOOK | ||
| 040 | _aCRL | ||
| 040 | _beng | ||
| 040 | _cCRL | ||
| 041 | _2eng | ||
| 041 | _aeng | ||
| 084 | _qCRL | ||
| 100 |
_aMarshall B. Tymn; Roger C. Schlobin; Lloyd W. Currey _91224690 |
||
| 245 | 2 | _aA Research Guide to Science Fiction Studies | |
| 245 | 3 | _bAn Annotated Checklist of Primary and Secondary Sources for Fantasy and Science Fiction | |
| 260 | _bTaylor and Francis | ||
| 260 | _c1977 | ||
| 365 | _a | ||
| 365 | _b150 | ||
| 856 | _uhttp://www.taylorfrancis.com/books/9780429319945 | ||
| 942 | _cEBOOK | ||
| 999 |
_c1833299 _d1833299 |
||